Man Utd Most Expensive Signings - Statistics

General Stats
  • This quiz has been taken 72 times
  • The average score is 21 of 30
Answer Stats
Amount (€) Signed From Season Answer % Correct
€105.00m Juventus 16/17 Paul Pogba
97%
€87.00m Leicester City 19/20 Harry Maguire
93%
€95.00m Ajax 22/23 Antony
90%
€75.00m Brentford 25/26 Bryan Mbeumo
90%
€65.00m Sporting CP 19/20 Bruno Fernandes
89%
€85.00m Borussia Dortmund 21/22 Jadon Sancho
89%
€70.65m Real Madrid 22/23 Casemiro
87%
€45.00m Bayern Munich 24/25 Matthijs de Ligt
87%
€76.50m RB Leipzig 25/26 Benjamin Sesko
85%
€74.20m Wolverhampton 25/26 Matheus Cunha
85%
€84.70m Everton 17/18 Romelu Lukaku
79%
€67.70m Chelsea 23/24 Mason Mount
75%
€50.20m Inter 23/24 Andre Onana
74%
€62.00m LOSC Lille 24/25 Leny Yoro
72%
€77.80m Atalanta 23/24 Rasmus Hojlund
70%
€60.00m AS Monaco 15/16 Anthony Martial
69%
€75.00m Real Madrid 14/15 Angel Di Maria
67%
€40.00m Real Madrid 21/22 Raphael Varane
67%
€42.50m Bologna 24/25 Joshua Zirkzee
66%
€39.00m Ajax 20/21 Donny van de Beek
64%
€59.00m Shakhtar Donetsk 18/19 Fred
64%
€50.00m PSG 24/25 Manuel Ugarte
62%
€38.00m Tottenham Hotspur 08/09 Dimitar Berbatov
59%
€55.00m Crystal Palace 19/20 Aaron Wan-Bissaka
57%
€44.73m Chelsea 13/14 Juan Mata
57%
€46.00m Leeds United 02/03 Rio Ferdinand
57%
€57.37m Ajax 22/23 Lisandro Martinez
54%
€42.00m Borussia Dortmund 16/17 Henrikh Mkhitaryan
46%
€42.60m Lazio 01/02 Juan Sebastian Veron
44%
€44.70m Chelsea 17/18 Nemanja Matic
44%
No matching quizzes found
Score Distribution
Percent of People with Each Score
Percentile by Number Answered
Your Score History
You have not taken this quiz